Random US States Abbreviations - Statistics

General Stats
  • This quiz has been taken 205 times
  • The average score is 14 of 20
Answer Stats
Abbreviation State % Correct
OH Ohio
86%
UT Utah
85%
TX Texas
84%
NY New York
83%
VT Vermont
83%
AL Alabama
82%
AZ Arizona
82%
ID Idaho
82%
IL Illinois
80%
OK Oklahoma
80%
IN Indiana
79%
DE Delaware
77%
FL Florida
76%
WA Washington
76%
WY Wyoming
76%
NV Nevada
75%
AR Arkansas
74%
GA Georgia
74%
IA Iowa
74%
NJ New Jersey
73%
SD South Dakota
73%
CA California
72%
MT Montana
72%
OR Oregon
72%
WI Wisconsin
71%
TN Tennessee
69%
CO Colorado
67%
MO Missouri
67%
ND North Dakota
67%
KS Kansas
65%
MS Mississippi
64%
PA Pennsylvania
64%
NH New Hampshire
63%
NC North Carolina
63%
AK Alaska
61%
CT Connecticut
61%
MI Michigan
60%
RI Rhode Island
60%
MD Maryland
59%
MN Minnesota
59%
SC South Carolina
59%
ME Maine
58%
NE Nebraska
57%
NM New Mexico
57%
VA Virginia
56%
WV West Virginia
56%
HI Hawaii
55%
MA Massachusetts
55%
LA Louisiana
52%
KY Kentucky
51%
No matching quizzes found
Score Distribution
Percent of People with Each Score
Percentile by Number Answered
Your Score History
You have not taken this quiz